000 01109cam a2200325 i 4500
001 data
005 20260322212119.0
008 data
035 _a20363042
906 _a7
_bcbc
_corignew
_d2
_eepcn
_f20
_gy-gencatlg
925 0 _aacquire
_b1 shelf copy
_xpolicy default
010 _a 2018935138
020 _a9780691170664
040 _aDLC
_beng
_erda
_cDLC
042 _apcc
050 0 0 _aQA76
_b.M2146 2018
082 0 4 _a004
_223
100 1 _aMacCormick, John,
_d1972-
_eauthor.
245 1 0 _aWhat can be computed? :
_ba practical guide to the theory of computation /
_cJohn MacCormick.
264 1 _aPrinceton, New Jersey :
_bPrinceton University Press,
_c[2018]
300 _axix, 383 pages :
_billustrations ;
_c26 cm
336 _atext
_btxt
_2rdacontent
337 _aunmediated
_bn
_2rdamedia
338 _avolume
_bnc
_2rdacarrier
504 _aIncludes bibliographical references (pages 373-374) and index.
650 0 _aComputer science.
650 0 _aComputer science
_xPhilosophy.
650 0 _aComputer science
_xHistory.
999 _c1814
_d1814